<?xml version="1.0" encoding="UTF-8"?>
<collection xmlns="http://www.loc.gov/MARC21/slim">
 <record>
  <leader>02100naa a2200241 i 4500</leader>
  <controlfield tag="001">misc70948</controlfield>
  <controlfield tag="005">20220823123307.0</controlfield>
  <controlfield tag="008">220823s2022    hu      o     0||   hun d</controlfield>
  <datafield tag="020" ind1=" " ind2=" ">
   <subfield code="a">978-615-01-5251-6</subfield>
  </datafield>
  <datafield tag="040" ind1=" " ind2=" ">
   <subfield code="a">SZTE Miscellanea Repozitórium</subfield>
   <subfield code="b">hun</subfield>
  </datafield>
  <datafield tag="041" ind1=" " ind2=" ">
   <subfield code="a">hun</subfield>
  </datafield>
  <datafield tag="041" ind1=" " ind2=" ">
   <subfield code="a">eng</subfield>
  </datafield>
  <datafield tag="100" ind1="1" ind2=" ">
   <subfield code="a">Blazovich László</subfield>
  </datafield>
  <datafield tag="245" ind1="1" ind2="2">
   <subfield code="a">A középkori európai város születése és jogélete</subfield>
   <subfield code="h">[elektronikus dokumentum] /</subfield>
   <subfield code="c"> Blazovich László</subfield>
  </datafield>
  <datafield tag="260" ind1=" " ind2=" ">
   <subfield code="a">Wenckheim Krisztina Városfejlesztési és Környezetvédelmi Közalapítvány</subfield>
   <subfield code="b">Gyula</subfield>
   <subfield code="c">2022</subfield>
  </datafield>
  <datafield tag="300" ind1=" " ind2=" ">
   <subfield code="a">7-31</subfield>
  </datafield>
  <datafield tag="490" ind1="0" ind2=" ">
   <subfield code="a">Mezővárosok a Dél-Alföldön = Market Towns on the Southern Part of the Hungarian Great Plain</subfield>
  </datafield>
  <datafield tag="520" ind1="3" ind2=" ">
   <subfield code="a">The author of the paper discusses the development and the legal system of the western cities in Europe. The author describes the characteristics of the city that explains the concept of the city. He outlines the urban peace and the urban freedom. He translates chapters form the law book of Rymundus Parthenopeis about family law. He elucidates the hierarchical order of the German and Hungarian cities. He gives a picture about provincial towns and towns of landlords. In the Hungarian Kingdom, the group of the royal free cities included the ‘tavernical towns’ (or free royal cities), the ’towns of Chief Justice’, the towns of the Transilvanian Saxons and the ’mining towns’. (The term free royal city does not exist in the Middle Ages, but historians use this term instead of ‘tavernical towns’. Citizens of ‘tavernical towns’ could appeal to the Master of the treasury [Treasurer or Tavernical], citizens of towns of the Chief Justice could appeal to the Chief Justice.) Another group included the towns of landlords, market towns.</subfield>
  </datafield>
  <datafield tag="650" ind1=" " ind2="4">
   <subfield code="a">Bölcsészettudományok</subfield>
  </datafield>
  <datafield tag="650" ind1=" " ind2="4">
   <subfield code="a">Történettudomány és régészet</subfield>
  </datafield>
  <datafield tag="695" ind1=" " ind2=" ">
   <subfield code="a">Városok története - Európa - középkor, Közigazgatás - Európa - középkor</subfield>
  </datafield>
  <datafield tag="710" ind1=" " ind2=" ">
   <subfield code="a">Mezővárosok a Dél-Alföldön (Gyula) (2019)</subfield>
  </datafield>
  <datafield tag="856" ind1="4" ind2="0">
   <subfield code="u">http://misc.bibl.u-szeged.hu/70948/1/2022_mezovarosok_a_del_alfoldon_007-031.pdf</subfield>
   <subfield code="z">Dokumentum-elérés </subfield>
  </datafield>
 </record>
</collection>
